000
00184 a2200097 4500
020
_a
9780545052641
041
_a
eng
100
_a
Pierce, Tamora
245
_a
Melting stones
942
_c
BK
999
_c
8886
_d
8886